| 000 | 00703nam a2200205Ia 4500 | ||
|---|---|---|---|
| 003 | GCL | ||
| 008 | 140319s9999 xx 000 0 ara d | ||
| 040 |
_aGCL / _cGCL |
||
| 082 | 0 | 4 |
_a349.402 _bم ا |
| 100 | 1 | _aمحمد حسام محمود لطفى | |
| 245 | 1 | 0 |
_aالاحكام العامة لعقد التامين : دراسة مقارنة بين القانونين المصرى والفرنسى / _cمحمد حسام محمود لطفى |
| 300 | _a484 ص | ||
| 490 | _a | ||
| 650 | 0 | 4 | _aالقانون |
| 650 | 0 | 4 | _aالتشريع |
| 650 | 0 | 4 | _aقوانين وتشريعات |
| 650 | 0 | 4 | _aالقانون المقارن |
| 650 | 0 | 4 | _aالتأمينات الاجتماعية |
| 942 |
_2ddc _cBK |
||
| 999 |
_c39299 _d39299 |
||